Lil Tecca Quiz - Statistics

General Stats
  • This quiz has been taken 615 times
  • The average score is 12 of 40
Answers on the Grid
Answers color-coded by a green-red scale on the quiz's grid according to % correct below.
Yes (braces)
12 singles
NEVER LEFT (song)
No (braces)
14 (DOB) day
17 yrs old
1999 (DOB) year
20 yrs old
2002 (DOB) year
2003 (DOB) year
2009 (DOB) year
2010 (DOB) year
21 yrs old
22 yrs old
26 (DOB) day
27 (DOB) day
27 yrs old
32 singles
5 (DOB) day
500lbs (song)
53 singles
6 (DOB) day
7 singles
After Party (song)
Arkansas (Born)
August (DOB) month
BANDIT (song)
Basketball (sport)
Blessings (song)
Bossanova (song)
Carnival (song)
Chief Keef (collabed)
Dark Thoughts (song)
December (DOB) month
Did It Again (song)
Don Toliver (collabed)
Down With Me (song)
Drake (collabed)
FIEN (song)
Football (sport)
Gunna (collabed)
Highest in the Room (song)
HVN ON EARTH (song)
I CAN'T LET GO (song)
Iann Dior (collabed)
Indiana (Born)
J Cole (collabed)
JETSKI (song)
Juice WRLD (collabed)
July (DOB) month
Kendrick Lamar (collabed)
King (name)
Kodak Black (collabed)
Lil Durk (collabed)
Lil Uzi Vert (collabed)
Lil Yachty (collabed)
LOT OF ME (song)
Love Me (song)
Malik (name)
March (DOB) month
Mutt (song)
Nav (collabed)
Nebraska (Born)
NEW DROP (song)
New York (Born)
No Idea (song)
No Pole (song)
Not Like Us (song)
October (DOB) month
Ohio (Born)
Out Of Love (song)
OUT WEST (song)
Prada (song)
Ransom (song)
Shooters (song)
Shots (song)
Show Me Up (song)
SICKO MODE (song)
Soccer (sport)
The Kid LAROI (collabed)
Tione (name)
TORE UP (song)
Trippie Redd (collabed)
Tyler (name)
Xavier (name)
 
Answer Stats
Answer % Correct
Dark Thoughts (song)
52%
500lbs (song)
49%
Did It Again (song)
48%
Ransom (song)
46%
HVN ON EARTH (song)
44%
LOT OF ME (song)
42%
Out Of Love (song)
40%
Juice WRLD (collabed)
39%
Love Me (song)
39%
NEVER LEFT (song)
39%
Down With Me (song)
38%
The Kid LAROI (collabed)
37%
I CAN'T LET GO (song)
35%
Bossanova (song)
33%
Lil Uzi Vert (collabed)
33%
Don Toliver (collabed)
32%
Kodak Black (collabed)
31%
Prada (song)
30%
New York (Born)
29%
JETSKI (song)
28%
Shots (song)
28%
22 yrs old
27%
Gunna (collabed)
27%
Show Me Up (song)
27%
Tyler (name)
26%
Yes (braces)
26%
Iann Dior (collabed)
25%
Lil Yachty (collabed)
24%
Shooters (song)
24%
Trippie Redd (collabed)
20%
Basketball (sport)
19%
Blessings (song)
19%
Nav (collabed)
18%
2002 (DOB) year
17%
Chief Keef (collabed)
17%
Lil Durk (collabed)
14%
August (DOB) month
11%
26 (DOB) day
9%
32 singles
9%
J Cole (collabed)
5%
No matching quizzes found
Score Distribution
Percent of People with Each Score
Percentile by Number Answered
Your Score History
You have not taken this quiz